Historia argentina /
Guardado en:
| Autor Principal: | |
|---|---|
| Formato: | Libro |
| Publicado: |
Argentina :
Troquel,
1978
|
| Edición: | 24 |
| Materias: | |
| Etiquetas: |
Agregar Etiqueta
Sin Etiquetas, Sea el primero en etiquetar este registro!
|
| LEADER | 00642nam a22002055a 4500 | ||
|---|---|---|---|
| 001 | CEM.cems003374 | ||
| 005 | 19000101000000.0 | ||
| 008 | 130507s1978##################000#0#####d | ||
| 003 | CEMS | ||
| 082 | 0 | 4 | |a 982 |
| 100 | 1 | |a Ibañez, José Cosmelli | |
| 245 | 1 | 0 | |a Historia argentina / |c José Cosmelli Ibañez |
| 250 | |a 24 | ||
| 260 | |a Argentina : |b Troquel, |c 1978 | ||
| 300 | |a 539 p. | ||
| 653 | |a Historia | ||
| 653 | |a Historia argentina | ||
| 859 | |a CEMS |b BIB. CEMS - 11 de abril |h 982 |i Ib1a24 |p 10070.81 |t Ej.3 | ||
| 859 | |a CEMS |b BIB. CEMS - 11 de abril |h 982 |i Ib1a24 |p 6647.79 |t Ej.1 | ||
| 859 | |a CEMS |b BIB. CEMS - 11 de abril |h 982 |i Ib1a24 |p 7070.79 |t Ej.2 | ||
